[Event "Women's Speed Chess Q5"]
[Site "chess.com INT"]
[Date "2020.06.22"]
[Round "8"]
[White "Yu, Jennifer"]
[Black "Ziegenfuss, Antonia"]
[Result "1-0"]
[WhiteTitle "FM"]
[BlackTitle "WFM"]
[WhiteElo "2315"]
[BlackElo "2101"]
[WhiteFideId "2078341"]
[BlackFideId "12962554"]
[EventDate "2020.06.22"]

1. d4 Nf6 2. c4 e6 3. Nc3 d5 4. cxd5 exd5 5. Bg5 c6 6. e3 h6 7. Bh4 Be6 8. Bd3
Nbd7 9. Nge2 g5 10. Bg3 Nh5 11. Qc2 Nxg3 12. Nxg3 h5 13. h4 gxh4 14. Nf5 Bxf5
15. Bxf5 Bd6 16. O-O-O Nb6 17. e4 Qg5+ 18. Kb1 Bb4 19. exd5 Bxc3 20. bxc3 cxd5
21. Rde1+ Kf8 22. f4 Qf6 23. Bd3 Rc8 24. Re5 Qc6 25. Rc1 Na4 26. Qb3 Rh6 27. Ka1
Rd6 28. Bb5 Qb6 29. Bxa4 Re6 30. Qxb6 Rxb6 31. Rxd5 1-0

[Event "Women's Speed Chess Q5"]
[Site "chess.com INT"]
[Date "2020.06.22"]
[Round "8"]
[White "Xu, Yuanyuan"]
[Black "Grigoryan, Meri"]
[Result "1-0"]
[WhiteTitle "WGM"]
[BlackTitle "WFM"]
[WhiteElo "2317"]
[BlackElo "2044"]
[WhiteFideId "8601089"]
[BlackFideId "13300571"]
[EventDate "2020.06.22"]

1. d4 d5 2. c4 dxc4 3. e4 c5 4. d5 Nf6 5. Nc3 e6 6. Bxc4 exd5 7. exd5 Bd6 8. Nf3
O-O 9. O-O a6 10. a4 Nbd7 11. Bg5 Qc7 12. Re1 h6 13. Bh4 Nh7 14. Bg3 Bxg3 15.
hxg3 Nb6 16. d6 Qd8 17. Bd3 Nf6 18. a5 c4 19. Bf1 Nbd7 20. Bxc4 Nc5 21. Qd4 Ne6
22. Qd2 Bd7 23. Ne5 Rc8 24. Bb3 Ne8 25. Nxd7 Qxd7 26. Rad1 Rd8 27. Ba4 b5 28.
axb6 Qb7 29. d7 Nf6 30. Qd6 Ng5 31. Qc6 Qxc6 32. Bxc6 Ne6 33. b7 Nc7 34. Na4 Nb5
35. Nb6 Kh7 36. Nc8 1-0

[Event "Women's Speed Chess Q5"]
[Site "chess.com INT"]
[Date "2020.06.22"]
[Round "8"]
[White "Filippova, Margarita"]
[Black "Kiran, Manisha Mohanty"]
[Result "1-0"]
[WhiteTitle "WFM"]
[BlackTitle "WGM"]
[WhiteElo "1931"]
[BlackElo "2168"]
[WhiteFideId "34199680"]
[BlackFideId "5019575"]
[EventDate "2020.06.22"]

1. d4 Nf6 2. Nf3 g6 3. c4 Bg7 4. Nc3 d5 5. e3 O-O 6. Be2 dxc4 7. Bxc4 c6 8. O-O
b5 9. Bb3 a5 10. a4 b4 11. Ne2 Ba6 12. Nd2 c5 13. Bc4 Qc7 14. Bxa6 Nxa6 15. b3
cxd4 16. Nxd4 e5 17. Nb5 Qe7 18. Bb2 Rfd8 19. Qc2 Rac8 20. Nc4 Nc5 21. Rfd1 Nd5
22. h3 Qe6 23. Rac1 Nb6 24. Rxd8+ Rxd8 25. Nxa5 Rc8 26. Na7 Rc7 27. N7c6 Bf8 28.
Bxe5 Rxc6 29. Nxc6 Qxc6 30. Bd4 Nbd7 31. Qc4 Qb7 32. a5 h5 33. Ra1 Na6 34. Bb2
Bg7 35. Bxg7 Kxg7 36. Rd1 Ndc5 37. Rd6 Qc7 38. Rxa6 Nxa6 39. Qxa6 Qc1+ 40. Qf1
Qa3 41. a6 Qxb3 42. Qa1+ Kh7 43. a7 1-0

[Event "Women's Speed Chess Q5"]
[Site "chess.com INT"]
[Date "2020.06.22"]
[Round "8"]
[White "Abrahamyan, Tatev"]
[Black "Balabayeva, Xeniya"]
[Result "1-0"]
[WhiteTitle "WGM"]
[BlackTitle "WFM"]
[WhiteElo "2358"]
[BlackElo "2146"]
[WhiteFideId "13301918"]
[BlackFideId "13719688"]
[EventDate "2020.06.22"]

1. e4 e6 2. d4 d5 3. Nc3 Bb4 4. exd5 exd5 5. Bd3 Ne7 6. Qf3 Nbc6 7. Ne2 Be6 8.
Qg3 Qd7 9. Qxg7 O-O-O 10. Qf6 Rdg8 11. Bf4 Bf5 12. O-O-O Bxd3 13. Rxd3 Nf5 14.
a3 Bf8 15. Ng3 Nfxd4 16. Rhd1 Bg7 17. Qh4 Kb8 18. Kb1 Qe6 19. Be3 Nf5 20. Nxf5
Bxc3 21. Rxd5 Bf6 22. Qh3 Ne5 23. Nh6 Qxh3 24. gxh3 Rg2 25. Bd4 Re8 26. Re1 Kc8
27. f4 c6 28. Rd6 Be7 29. Rxe5 Bxd6 30. Rxe8+ Kd7 31. Rh8 Bxf4 32. Rxh7 Rxh2 33.
Rxf7+ Ke6 34. Rxf4 1-0

[Event "Women's Speed Chess Q5"]
[Site "chess.com INT"]
[Date "2020.06.22"]
[Round "8"]
[White "Gevorgyan, Maria"]
[Black "Babiy, Olga"]
[Result "1-0"]
[WhiteTitle "WGM"]
[BlackTitle "WGM"]
[WhiteElo "2228"]
[BlackElo "2228"]
[WhiteFideId "13300270"]
[BlackFideId "14117258"]
[EventDate "2020.06.22"]

1. e4 c6 2. d4 d5 3. e5 Bf5 4. h4 h5 5. c4 e6 6. Nc3 Ne7 7. Nge2 Nd7 8. Ng3 Bg6
9. Bg5 Qb6 10. Qd2 f6 11. exf6 gxf6 12. Be3 O-O-O 13. c5 Qc7 14. b4 e5 15. b5
exd4 16. Bxd4 Ne5 17. bxc6 N7xc6 18. Nb5 Qe7 19. Be2 Nd3+ 20. Kf1 Nxc5 21. Rc1
b6 22. Qb2 Bh6 23. Re1 Rhe8 24. Bg4+ hxg4 25. Rxe7 Rxe7 26. Bxf6 Bd3+ 27. Kg1
Re1+ 28. Kh2 Rxh1+ 29. Kxh1 Rf8 30. Bg7 Bxg7 31. Qxg7 Nd7 32. Nd6+ Kc7 33. Nf7
Re8 34. Qxg4 Re1+ 35. Kh2 d4 36. Qf4+ Kb7 37. Nd6+ Ka6 38. Qd2 Re6 39. Qxd3+ 1-0

[Event "Women's Speed Chess Q5"]
[Site "chess.com INT"]
[Date "2020.06.22"]
[Round "8"]
[White "Matveeva, Olga"]
[Black "Ramirez, Maria Eugenia"]
[Result "1-0"]
[WhiteTitle "WIM"]
[BlackTitle "WFM"]
[WhiteElo "2171"]
[BlackElo "2057"]
[WhiteFideId "24107018"]
[BlackFideId "3301680"]
[EventDate "2020.06.22"]

1. d4 Nf6 2. c4 e6 3. g3 c5 4. d5 exd5 5. cxd5 d6 6. Nc3 g6 7. Bg2 Bg7 8. Nf3
O-O 9. O-O Re8 10. Nd2 a6 11. a4 b6 12. h3 Nbd7 13. Nc4 Ne5 14. Na3 Rb8 15. e4
Qc7 16. Re1 h6 17. f4 Ned7 18. Be3 Bb7 19. Nc4 Ba8 20. Bf2 b5 21. axb5 axb5 22.
Na5 b4 23. Nb1 g5 24. Nd2 gxf4 25. gxf4 Nb6 26. Kh1 Re7 27. Rg1 Kh8 28. Bf3 Rbe8
29. Qf1 Nxe4 30. Nxe4 Rxe4 31. Bxe4 Rxe4 32. Rxg7 Bxd5 33. Rg2 Rxf4 34. Kh2 Bxg2
35. Qxg2 d5 36. Bg3 Nd7 37. Rg1 1-0

[Event "Women's Speed Chess Q5"]
[Site "chess.com INT"]
[Date "2020.06.22"]
[Round "8"]
[White "Potapova, Margarita"]
[Black "Foisor, Sabina-Francesca"]
[Result "1-0"]
[WhiteTitle "WIM"]
[BlackTitle "WGM"]
[WhiteElo "2270"]
[BlackElo "2228"]
[WhiteFideId "14126869"]
[BlackFideId "1212915"]
[EventDate "2020.06.22"]

1. d4 d5 2. c4 c6 3. Nc3 Nf6 4. cxd5 cxd5 5. Bf4 e6 6. e3 Bd6 7. Bxd6 Qxd6 8. f4
Nc6 9. Bd3 a6 10. Nf3 Bd7 11. O-O Ne7 12. Ne5 Nf5 13. Qf3 h5 14. Rac1 g6 15. b3
Rc8 16. Rc2 Ng4 17. Re1 Nxe5 18. fxe5 Qe7 19. Rec1 Bc6 20. Na4 Qg5 21. Kf2 O-O
22. Bxf5 Qxf5 23. Qxf5 gxf5 24. Nc5 Rb8 25. Nxa6 bxa6 26. Rxc6 a5 27. Ra6 Ra8
28. Rcc6 a4 29. b4 a3 30. b5 Rab8 31. b6 Rb7 32. Rxa3 Rfb8 33. Ra6 Kf8 34. a4
Ke8 35. a5 Kd7 36. Rc2 h4 37. Kf3 Rg8 38. Rc3 Rf8 39. g3 1-0

[Event "Women's Speed Chess Q5"]
[Site "chess.com INT"]
[Date "2020.06.22"]
[Round "8"]
[White "Cori T., Deysi"]
[Black "Sukandar, Irine Kharisma"]
[Result "1-0"]
[WhiteTitle "WGM"]
[BlackTitle "IM"]
[WhiteElo "2388"]
[BlackElo "2413"]
[WhiteFideId "3801934"]
[BlackFideId "7101937"]
[EventDate "2020.06.22"]

1. d4 Nf6 2. Nf3 b6 3. g3 Bb7 4. Bg2 e6 5. O-O Be7 6. b3 O-O 7. Bb2 c5 8. c4 d5
9. Ne5 cxd4 10. Qxd4 Nc6 11. Nxc6 Bxc6 12. Rd1 Qc7 13. cxd5 Bxd5 14. Bxd5 exd5
15. Nc3 Bc5 16. Qh4 Rad8 17. Nb5 Qe7 18. Bxf6 gxf6 19. Nd4 Qe5 20. Qg4+ Qg5 21.
Qf3 Rfe8 22. h4 Qg6 23. e3 Re5 24. Rac1 Re4 25. Nf5 Re5 26. Nd4 Re4 27. Ne2 Rxh4
28. Nf4 Qg5 29. Rxd5 Rxd5 30. Nxd5 Rh6 31. Rc4 f5 32. Rf4 Rd6 33. Rxf5 Qg7 34.
Qf4 1-0

[Event "Women's Speed Chess Q5"]
[Site "chess.com INT"]
[Date "2020.06.22"]
[Round "8"]
[White "Zavivaeva, Emilia"]
[Black "Hernandez Bonilla, Amelia"]
[Result "0-1"]
[WhiteTitle "WCM"]
[BlackTitle "WFM"]
[WhiteElo "1735"]
[BlackElo "2016"]
[WhiteFideId "34127531"]
[BlackFideId "3900193"]
[EventDate "2020.06.22"]

1. e4 c5 2. Nf3 d6 3. d4 cxd4 4. Nxd4 Nf6 5. Nc3 Nc6 6. Be3 e5 7. Nb3 Be7 8. f3
O-O 9. Qd2 Be6 10. O-O-O a5 11. Kb1 Nb4 12. g4 a4 13. Nc1 d5 14. exd5 Nfxd5 15.
Nxd5 Nxd5 16. Bd3 Nxe3 17. Qxe3 Qc7 18. h4 a3 19. b3 g6 20. c4 Bc5 21. Qe2 Bd4
22. h5 g5 23. Qd2 f6 24. h6 Rfc8 25. Qc2 Ra6 26. Ne2 Be3 27. c5 Rc6 28. b4 b6
29. Be4 bxc5 30. Bxc6 Qxc6 31. Rd3 Bf4 32. Nxf4 exf4 33. Rc3 c4 34. Re1 Bf7 35.
Rxa3 Bg6 36. Re4 Qb6 0-1

[Event "Women's Speed Chess Q5"]
[Site "chess.com INT"]
[Date "2020.06.22"]
[Round "8"]
[White "Arakhamia-Grant, Ketevan"]
[Black "Toncheva, Nadya"]
[Result "1-0"]
[WhiteTitle "GM"]
[BlackTitle "WFM"]
[WhiteElo "2380"]
[BlackElo "2064"]
[WhiteFideId "13600168"]
[BlackFideId "2924056"]
[EventDate "2020.06.22"]

1. e4 c5 2. Nf3 e6 3. d4 cxd4 4. Nxd4 a6 5. Bd3 Nf6 6. O-O Qc7 7. Qe2 d6 8. Nc3
Be7 9. f4 Nbd7 10. Bd2 O-O 11. Kh1 b5 12. Rae1 Bb7 13. a3 Rac8 14. Nf3 Rfd8 15.
e5 Nd5 16. Ne4 Nc5 17. exd6 Bxd6 18. Nfg5 Nxd3 19. cxd3 h6 20. Qh5 hxg5 21. fxg5
Nf4 22. Bxf4 Bxf4 23. Nf6+ Kf8 24. Qh8+ Ke7 25. Qxg7 Rf8 26. g6 Bxh2 27. Nh7 Be5
28. Rxf7+ Rxf7 29. Qxf7+ Kd6 30. d4 Qxf7 31. gxf7 Bxd4 32. f8=Q+ Rxf8 33. Nxf8
e5 34. Ng6 e4 35. Nh4 e3 36. Nf5+ Ke5 37. Nxe3 Bxe3 38. Rxe3+ Kf4 39. Rc3 Kg4
40. Kh2 Kf4 41. g3+ Kg4 42. Rc7 Bf3 43. Rg7+ Kf5 44. Rf7+ Kg4 45. Rf4+ 1-0

[Event "Women's Speed Chess Q5"]
[Site "chess.com INT"]
[Date "2020.06.22"]
[Round "8"]
[White "Eswaran, Ashritha"]
[Black "Dzagnidze, Nana"]
[Result "0-1"]
[WhiteTitle "WIM"]
[BlackTitle "GM"]
[WhiteElo "2244"]
[BlackElo "2524"]
[WhiteFideId "2080788"]
[BlackFideId "13601903"]
[EventDate "2020.06.22"]

1. e4 c5 2. Nf3 Nc6 3. d4 cxd4 4. Nxd4 e6 5. Nc3 Qc7 6. g3 a6 7. Bg2 Nf6 8. O-O
Bc5 9. Nxc6 dxc6 10. Na4 Ba7 11. c4 e5 12. c5 O-O 13. Qc2 Be6 14. b3 Rad8 15.
Ba3 Nh5 16. Rad1 g6 17. Rxd8 Rxd8 18. Rd1 Bb8 19. Nb6 Qe7 20. Rd3 Bc7 21. Nc4
Bxc4 22. Qxc4 Rxd3 23. Qxd3 Qd8 24. Qxd8+ Bxd8 25. Bf1 Ng7 26. Bb2 Bc7 27. b4
Kf8 28. Bc4 Ke7 29. Kf1 Ne6 30. Ke2 f5 31. f3 h6 32. a4 fxe4 33. fxe4 Kf6 34. h4
h5 35. Ke3 g5 36. Bxe6 Kxe6 37. hxg5 Bd8 38. Kf3 Bxg5 39. Bc3 Bh6 40. Kg2 Bg5
41. Kh3 Bf6 42. Bd2 Be7 43. g4 hxg4+ 44. Kxg4 a5 45. bxa5 Bxc5 46. Kf3 Bd4 47.
Bb4 c5 48. Bd2 c4 49. Ke2 Kd6 50. Bb4+ Kc6 51. Kd2 Kd7 52. Bc3 Ke6 53. Bb4 Kf6
54. Bd6 Kg5 55. Bc7 Kf4 56. Bb6 Kxe4 57. Bc7 Kd5 58. Bb8 e4 59. Bf4 c3+ 60. Kc2
Kc4 61. Bg5 e3 62. Bh4 e2 63. Be1 Be5 64. Bf2 Bc7 65. Be1 Bxa5 66. Bf2 Bb4 67.
Be1 Kd4 68. Bf2+ Ke4 69. Be1 Kf3 70. Bh4 Kg2 71. Kd3 Kf1 72. Kc2 e1=Q 0-1

[Event "Women's Speed Chess Q5"]
[Site "chess.com INT"]
[Date "2020.06.22"]
[Round "8"]
[White "Padmini, Rout"]
[Black "Vaishali, R"]
[Result "0-1"]
[WhiteTitle "IM"]
[BlackTitle "WGM"]
[WhiteElo "2370"]
[BlackElo "2393"]
[WhiteFideId "5029295"]
[BlackFideId "5091756"]
[EventDate "2020.06.22"]

1. e4 c5 2. Nf3 Nc6 3. Nc3 d6 4. d4 cxd4 5. Nxd4 Nf6 6. Bg5 e6 7. Qd2 a6 8.
O-O-O Be7 9. f4 Bd7 10. Nf3 b5 11. Bxf6 gxf6 12. f5 Qb6 13. Kb1 O-O-O 14. g3 Kb8
15. Ne2 Bc8 16. Nf4 d5 17. exd5 e5 18. Nh5 Nb4 19. Bh3 Rxd5 20. Qe2 Rhd8 21.
Rxd5 Rxd5 22. c3 Nc6 23. Nd2 e4 24. Nf4 Re5 25. Nxe4 b4 26. Nd3 Ra5 27. cxb4
Nxb4 28. Nxb4 Bxb4 29. Rc1 Bb7 30. Bg2 Rxf5 31. Qg4 Re5 32. Qg8+ Ka7 33. Qxf7
Re7 34. Qc4 f5 35. Nc3 Bxc3 36. Qxc3 Bxg2 37. a3 Be4+ 38. Ka1 Bb7 39. h4 Qe3 40.
Qc2 Re6 0-1

[Event "Women's Speed Chess Q5"]
[Site "chess.com INT"]
[Date "2020.06.22"]
[Round "8"]
[White "Tarleva, Vira"]
[Black "Kostrikina, Anna"]
[Result "0-1"]
[WhiteTitle "WFM"]
[BlackTitle "WFM"]
[WhiteElo "2030"]
[BlackElo "2161"]
[WhiteFideId "14116693"]
[BlackFideId "4176219"]
[EventDate "2020.06.22"]

1. e4 c5 2. Nf3 Nc6 3. d4 cxd4 4. Nxd4 Qb6 5. Nb3 Nf6 6. Be3 Qb4+ 7. Nc3 Nxe4 8.
a3 Nxc3 9. Qd2 Ne4 10. Qxb4 Nxb4 11. axb4 a6 12. f3 Nf6 13. c4 d6 14. Bd3 Be6
15. Na5 O-O-O 16. Bb6 Re8 17. c5 Bd5 18. Rc1 Kb8 19. c6 bxc6 20. Bxa6 c5 21.
bxc5 dxc5 22. Rxc5 e6 23. Rb5 Ka8 24. O-O Bd6 25. Ra1 Nd7 26. Bb7+ Bxb7 27. Nc6+
Ba6 28. Rxa6+ Kb7 29. Ra7+ Kxc6 30. Rb3 Nxb6 31. Ra6 Bc5+ 32. Kf1 Rd8 33. Ke2
Rd6 34. Ra7 Rhd8 35. Rxf7 Rd2+ 36. Ke1 Rd1+ 0-1

[Event "Women's Speed Chess Q5"]
[Site "chess.com INT"]
[Date "2020.06.22"]
[Round "8"]
[White "Buksa, Nataliya"]
[Black "Schut, Lisa"]
[Result "1-0"]
[WhiteTitle "IM"]
[BlackTitle "WIM"]
[WhiteElo "2410"]
[BlackElo "2259"]
[WhiteFideId "14123622"]
[BlackFideId "1019481"]
[EventDate "2020.06.22"]

1. d4 Nf6 2. Nc3 d5 3. Bf4 g6 4. e3 Bg7 5. h4 h5 6. Nf3 c5 7. Be2 Nc6 8. Ne5 Ne4
9. Nxe4 dxe4 10. Nxc6 bxc6 11. c3 cxd4 12. cxd4 Qa5+ 13. Qd2 Qxd2+ 14. Kxd2 Be6
15. Rhc1 Bd5 16. Bc4 Kd7 17. Bxd5 cxd5 18. Rc7+ Ke6 19. Rac1 Bf6 20. g3 a5 21.
b3 Kf5 22. R1c5 Rhd8 23. Rb5 Kg4 24. Ke2 Rdc8 25. Rxd5 Rcb8 26. Rcc5 a4 27. Bxb8
axb3 28. axb3 Ra2+ 29. Kd1 e6 30. Rd7 Rb2 31. Rc2 Rxb3 32. Be5 Rb1+ 33. Ke2 Bxe5
34. dxe5 Rg1 35. Rxf7 Kh3 36. Rf4 Rg2 37. Rxe4 Kh2 38. Rf4 Kh3 39. Rf6 Rg1 40.
Rxe6 Rh1 41. Rxg6 Rh2 42. e6 Rg2 43. e7 Kh2 44. e8=Q Kh1 45. Qa4 Kh2 46. Qa1 Kh3
47. Qh1+ Rh2 48. Qxh2+ Kxh2 49. e4 Kh3 50. e5 Kh2 51. Kf3 Kh3 52. Rc1 Kh2 53.
Rb1 Kh3 54. Rh1# 1-0

[Event "Women's Speed Chess Q5"]
[Site "chess.com INT"]
[Date "2020.06.22"]
[Round "8"]
[White "Sihite, Chelsie Monica Ignesias"]
[Black "Mkrtchian, Lilit"]
[Result "1-0"]
[WhiteTitle "WIM"]
[BlackTitle "IM"]
[WhiteElo "2252"]
[BlackElo "2388"]
[WhiteFideId "7101198"]
[BlackFideId "13300601"]
[EventDate "2020.06.22"]

1. c4 e5 2. Nc3 Bb4 3. g3 Bxc3 4. bxc3 d6 5. Bg2 f5 6. Nf3 Nc6 7. O-O Nf6 8. d4
e4 9. Ne1 O-O 10. Nc2 Qe8 11. Rb1 Rb8 12. Ba3 Bd7 13. d5 Ne5 14. c5 Nc4 15. cxd6
cxd6 16. Qd4 b5 17. Bc1 a5 18. Ne3 Rc8 19. Rd1 Qh5 20. Nxc4 Rxc4 21. Qb6 Qxe2
22. Be3 Rxc3 23. Qxd6 Rxe3 24. fxe3 Qxe3+ 25. Kh1 Ng4 26. Rf1 Bc8 27. h3 Nf2+
28. Kh2 f4 29. gxf4 Rxf4 30. Rb3 Qd2 31. Rg3 Ng4+ 32. Rxg4 Rxf1 33. Rg3 Rf8 34.
Qe7 Qb2 35. d6 b4 36. d7 Bxd7 37. Qxd7 a4 38. Qe6+ Kh8 39. Qxe4 b3 40. axb3 a3
41. Qb4 Rg8 42. Qc3 1-0

[Event "Women's Speed Chess Q5"]
[Site "chess.com INT"]
[Date "2020.06.22"]
[Round "8"]
[White "Kiseleva, Arina"]
[Black "Shafigullina, Zarina"]
[Result "1-0"]
[WhiteTitle "WCM"]
[BlackTitle "WFM"]
[WhiteElo "2024"]
[BlackElo "2296"]
[WhiteFideId "4164989"]
[BlackFideId "24174220"]
[EventDate "2020.06.22"]

1. d4 Nf6 2. Nf3 e6 3. e3 c5 4. Bd3 b6 5. O-O Bb7 6. b3 d6 7. Bb2 Nbd7 8. Nbd2
cxd4 9. exd4 Be7 10. c4 O-O 11. Ng5 d5 12. Qe2 h6 13. Ngf3 Bb4 14. a3 Bd6 15.
Ne5 Qe7 16. f4 Rac8 17. Ndf3 Ne4 18. g3 Qe8 19. Rac1 f6 20. Nxd7 Qxd7 21. Rfe1
g5 22. fxg5 hxg5 23. Nd2 f5 24. Nf3 g4 25. Ne5 Bxe5 26. dxe5 Kg7 27. Rcd1 Qf7
28. Qe3 Qh5 29. Bxe4 dxe4 30. Rd7+ Rf7 31. Red1 Rf8 32. b4 Rh8 33. Rxf7+ Kxf7
34. Qf2 Rh7 35. Rd7+ Kg6 36. Rd6 Re7 37. c5 1-0

[Event "Women's Speed Chess Q5"]
[Site "chess.com INT"]
[Date "2020.06.22"]
[Round "8"]
[White "Nikulina, Alena"]
[Black "Tsotsonava, Elene"]
[Result "1-0"]
[WhiteTitle "WFM"]
[BlackTitle "WFM"]
[WhiteElo "1887"]
[BlackElo "2012"]
[WhiteFideId "4172051"]
[BlackFideId "13615939"]
[EventDate "2020.06.22"]

1. e4 c5 2. Nf3 e6 3. d4 cxd4 4. Nxd4 Nc6 5. Nc3 Qc7 6. Be2 a6 7. Be3 Nf6 8. O-O
Bb4 9. Nxc6 bxc6 10. f3 d5 11. exd5 cxd5 12. Na4 O-O 13. Nb6 Rb8 14. Nxc8 Qxc8
15. Kh1 Be7 16. b3 Qc6 17. c4 Rfd8 18. cxd5 Nxd5 19. Qc1 Qxc1 20. Bxc1 Bf6 21.
Rb1 Nc3 22. Rb2 a5 23. Bc4 a4 24. Rc2 axb3 25. axb3 Nd5 26. h3 Bd4 27. Rd1 Be3
28. Bxd5 Bxc1 29. Rdxc1 exd5 30. Rd2 Rxb3 31. Rc5 d4 32. Kg1 Kf8 33. Kf2 d3 34.
Rc4 Rc3 35. Rxc3 Ke7 36. Rcxd3 Re8 37. Re3+ Kf6 38. Rxe8 g6 39. Rd6+ 1-0

[Event "Women's Speed Chess Q5"]
[Site "chess.com INT"]
[Date "2020.06.22"]
[Round "8"]
[White "Fataliyeva, Ulviyya"]
[Black "Solozhenkina, Elizaveta"]
[Result "0-1"]
[WhiteTitle "WGM"]
[BlackTitle "WIM"]
[WhiteElo "2301"]
[BlackElo "2301"]
[WhiteFideId "13403052"]
[BlackFideId "34106615"]
[EventDate "2020.06.22"]

1. e4 c6 2. c4 d5 3. exd5 cxd5 4. cxd5 Nf6 5. Nc3 g6 6. d4 Bg7 7. Bc4 O-O 8.
Nge2 Nbd7 9. O-O Nb6 10. Bb3 Nbxd5 11. Be3 Bg4 12. Qd2 Nxe3 13. fxe3 e6 14. h3
Bf5 15. Ng3 Nh5 16. Qf2 Qh4 17. Nxh5 Qxf2+ 18. Rxf2 gxh5 19. Rd1 Bg6 20. e4 Rac8
21. e5 Bh6 22. Re2 Rfd8 23. Nb5 a6 24. Nd6 Rc1 25. Rxc1 Bxc1 26. Kf2 Rd7 27. Rc2
Bxc2 28. Bxc2 Bxb2 29. Ke3 Rc7 30. Be4 Rc3+ 31. Kd2 b5 32. Bb7 Ra3 33. Kc2 Bxd4
34. Kb1 Bxe5 35. Ne4 Kf8 36. Nc5 Ke7 37. Nxa6 Kd6 38. Nb4 Bc3 39. Nc2 Ra7 40.
Bf3 b4 41. Bxh5 e5 42. Bg4 Kd5 43. Bf5 e4 44. Bxh7 Re7 45. Kc1 e3 46. Bd3 e2 47.
h4 e1=Q+ 48. Nxe1 Rxe1+ 49. Kc2 Rg1 50. h5 Rxg2+ 51. Kb1 Rh2 0-1

[Event "Women's Speed Chess Q5"]
[Site "chess.com INT"]
[Date "2020.06.22"]
[Round "8"]
[White "Munkhzul, Davaakhuu"]
[Black "Petrova, Irina"]
[Result "1-0"]
[WhiteTitle "WFM"]
[BlackTitle "WIM"]
[WhiteElo "1991"]
[BlackElo "2087"]
[WhiteFideId "4902815"]
[BlackFideId "14124122"]
[EventDate "2020.06.22"]

1. e4 d6 2. d4 Nf6 3. Nc3 e5 4. Nf3 Nbd7 5. Bc4 Be7 6. O-O O-O 7. Qe2 c6 8. a4
exd4 9. Nxd4 Re8 10. Bf4 Bf8 11. Nf5 d5 12. Ba2 Nc5 13. Ng3 Ncxe4 14. Ncxe4 Nxe4
15. Nxe4 Rxe4 16. Qf3 Qf6 17. Bg3 Qxf3 18. gxf3 Rxa4 19. Bb3 Rxa1 20. Rxa1 Bf5
21. Kg2 a5 22. Bc7 f6 23. Rxa5 Rxa5 24. Bxa5 Kf7 25. c3 Ke6 26. Bb6 Bd6 27. Be3
Be5 28. f4 Bc7 29. Kf3 Be4+ 30. Ke2 b6 31. f3 Bf5 32. c4 Kd6 33. cxd5 cxd5 34.
Bd4 Bd7 35. Bc2 Ke7 36. Ke3 Bh3 37. Bxh7 Bf1 38. Bf5 Bc4 39. h4 b5 40. Bc5+ Kf7
41. h5 Bd8 42. Bg6+ Kg8 43. Kd4 Bc7 44. Ke3 Bb8 45. b4 Bc7 46. Be8 Bb8 47. f5
Kh7 48. Bf8 Kg8 49. Be7 Kh7 50. Kd4 Be5+ 51. Kc5 Be2 52. Kxd5 Bxf3+ 53. Kc5 Bxh5
54. Bxh5 Kh6 55. Be2 Kg5 56. Bd3 Kf4 57. Kxb5 Ke3 58. Bb1 Kd4 59. Kc6 Kc4 60. b5
Kc3 61. b6 Kb2 62. Be4 Kc3 63. b7 Kd4 64. Bb1 Kc3 65. Bd6 Bxd6 66. Kxd6 1-0

[Event "Women's Speed Chess Q5"]
[Site "chess.com INT"]
[Date "2020.06.22"]
[Round "8"]
[White "Krasteva, Beloslava"]
[Black "Kaya, Emel"]
[Result "0-1"]
[WhiteTitle "FM"]
[BlackTitle "WCM"]
[WhiteElo "2246"]
[BlackElo "1912"]
[WhiteFideId "2922029"]
[BlackFideId "6306411"]
[EventDate "2020.06.22"]

1. d4 d5 2. c4 dxc4 3. e3 e5 4. Bxc4 exd4 5. exd4 Nf6 6. Qb3 Qe7+ 7. Ne2 Nc6 8.
O-O Bd7 9. Re1 Na5 10. Qc3 Nxc4 11. Nf4 Be6 12. Nxe6 fxe6 13. Qxc4 O-O-O 14. Bf4
Nd5 15. Bg3 Qb4 16. Qe2 Qxd4 17. Qxe6+ Kb8 18. Nc3 Nxc3 19. bxc3 Qb6 20. Rab1
Qxe6 21. Rxe6 Bc5 22. Re5 Bd6 23. Reb5 b6 24. Bh4 Rde8 25. c4 Re5 26. Rxe5 Bxe5
27. c5 Re8 28. cxb6 axb6 29. f3 Bd4+ 30. Kf1 Re5 31. g4 Ra5 32. Rd1 c5 33. Rd2
Ra3 34. Ke2 Re3+ 35. Kf2 Rd3+ 36. Ke2 Rxd2+ 37. Kxd2 Kc7 38. Kd3 Kc6 39. f4 Kd5
40. f5 c4+ 41. Kc2 Ke4 42. Bg3 b5 43. h4 Kf3 44. Bd6 Kxg4 45. a3 Kxf5 46. Bf8 g5
47. hxg5 Kxg5 0-1

[Event "Women's Speed Chess Q5"]
[Site "chess.com INT"]
[Date "2020.06.22"]
[Round "8"]
[White "Voit, Daria"]
[Black "Mamedjarova, Turkan"]
[Result "0-1"]
[WhiteTitle "WGM"]
[BlackTitle "WGM"]
[WhiteElo "2343"]
[BlackElo "2309"]
[WhiteFideId "4182146"]
[BlackFideId "13402005"]
[EventDate "2020.06.22"]

1. d4 d5 2. Nf3 Nf6 3. c4 e6 4. g3 c6 5. Qc2 Nbd7 6. Bg2 Be7 7. O-O O-O 8. Rd1
b6 9. Bf4 Bb7 10. Nc3 Rc8 11. Nd2 Nh5 12. a3 f5 13. Nf3 Nxf4 14. gxf4 Bd6 15. e3
Nf6 16. Ne5 Ne4 17. Nxe4 fxe4 18. Qe2 Bxe5 19. dxe5 Qe7 20. Qg4 Rcd8 21. Rac1
Bc8 22. Kh1 g6 23. Rd2 Kg7 24. b4 h5 25. Qg3 c5 26. bxc5 bxc5 27. Rg1 Qe8 28.
Bf1 d4 29. Be2 Rf5 30. Rb2 Rd7 31. Bd1 Qf7 32. Rb8 Bb7 33. Ba4 Re7 34. Rd8 dxe3
35. fxe3 g5 36. fxg5 Rf3 37. g6 Qf5 38. Qg2 Rxe3 39. Qg5 Qxg5 40. Rxg5 Re2 41.
Kg1 e3 42. Rxh5 Re1# 0-1

[Event "Women's Speed Chess Q5"]
[Site "chess.com INT"]
[Date "2020.06.22"]
[Round "8"]
[White "Jakubowska, Anna"]
[Black "Mrudul, Dehankar"]
[Result "0-1"]
[WhiteTitle "WIM"]
[BlackTitle "WIM"]
[WhiteElo "2073"]
[BlackElo "2256"]
[WhiteFideId "1121952"]
[BlackFideId "25096990"]
[EventDate "2020.06.22"]

1. e4 c5 2. Nc3 d6 3. g3 Nc6 4. Bg2 g6 5. d3 Bg7 6. Nh3 e6 7. O-O Nge7 8. Be3
Rb8 9. Qd2 b5 10. Bh6 O-O 11. Bxg7 Kxg7 12. f4 b4 13. Nd1 f5 14. exf5 exf5 15.
Ne3 Be6 16. Ng5 Bg8 17. Rae1 h6 18. Nf3 Qb6 19. Kh1 Rbe8 20. c3 Kh7 21. Nc4 Qc7
22. Ne3 Qb6 23. Nc4 Qc7 24. Ne3 Bf7 25. a3 bxa3 26. bxa3 Ng8 27. Nh4 Nf6 28. h3
Re7 29. g4 fxg4 30. hxg4 Rfe8 31. Kg1 Qd7 32. g5 hxg5 33. fxg5 Nh5 34. Nd5 Rxe1
35. Rxe1 Rxe1+ 36. Qxe1 Qg4 37. Nf6+ Nxf6 38. gxf6 Ne5 39. d4 cxd4 40. cxd4
Qxd4+ 41. Kh1 Nd3 42. Qg3 Nf2+ 43. Kh2 Ng4+ 44. Kh1 Qd1+ 45. Bf1 Qxf1+ 0-1